<?xml version="1.0" encoding="UTF-8"?><?xml-stylesheet type="text/xsl" href="static/style.xsl"?><OAI-PMH xmlns="http://www.openarchives.org/OAI/2.0/" xmlns:xsi="http://www.w3.org/2001/XMLSchema-instance" xsi:schemaLocation="http://www.openarchives.org/OAI/2.0/ http://www.openarchives.org/OAI/2.0/OAI-PMH.xsd"><responseDate>2026-06-06T00:45:49Z</responseDate><request verb="GetRecord" identifier="oai:riuma.uma.es:10630/32751" metadataPrefix="marc">https://riuma.uma.es/rest/oai/request</request><GetRecord><record><header><identifier>oai:riuma.uma.es:10630/32751</identifier><datestamp>2026-02-03T11:16:40Z</datestamp><setSpec>com_10630_2254</setSpec><setSpec>col_10630_37953</setSpec></header><metadata><record xmlns="http://www.loc.gov/MARC21/slim" xmlns:dcterms="http://purl.org/dc/terms/" xmlns:doc="http://www.lyncode.com/xoai" xmlns:xsi="http://www.w3.org/2001/XMLSchema-instance" xsi:schemaLocation="http://www.loc.gov/MARC21/slim http://www.loc.gov/standards/marcxml/schema/MARC21slim.xsd">
   <leader>00925njm 22002777a 4500</leader>
   <datafield ind2=" " ind1=" " tag="042">
      <subfield code="a">dc</subfield>
   </datafield>
   <datafield ind2=" " ind1=" " tag="720">
      <subfield code="a">Napiórkowska, Marta</subfield>
      <subfield code="e">author</subfield>
   </datafield>
   <datafield ind2=" " ind1=" " tag="720">
      <subfield code="a">Barrios-Espinosa, María Elvira</subfield>
      <subfield code="e">author</subfield>
   </datafield>
   <datafield ind2=" " ind1=" " tag="260">
      <subfield code="c">2024-06-28</subfield>
   </datafield>
   <datafield ind2=" " ind1=" " tag="520">
      <subfield code="a">Los objetivos de este estudio fueron analizar la voluntad de comunicarse en el aula de estudiantes de inglés como LE en centros de educación secundaria de Polonia y España, e identificar los factores que predicen este tipo de disposición en ambos contextos. El estudio encontró un significado práctico limitado en las diferencias entre los dos grupos en cuanto a esta variable. El estudio investigó también varios predictores potenciales de la voluntad de comunicarse, incluidos el género, la edad, el nivel socioeconómico, la posición relativa entre pares en cuanto a producción e interacción orales, el disfrute de la LE, la ansiedad en el aula de LE y la sensibilidad intercultural. De estos factores, se encontró que cinco (posición relativa entre pares, disfrute, ansiedad, extroversión y sensibilidad intercultural) predicen la voluntad de comunicarse en el aula de LE en ambos contextos. El estudio concluye con algunas implicaciones prácticas de estos hallazgos para la enseñanza del inglés como LE en la etapa de educación secundaria.</subfield>
   </datafield>
   <datafield ind1="8" ind2=" " tag="024">
      <subfield code="a">Napiórkowska, M., &amp; Barrios, E. (2024). Voluntad de comunicarse en el aula del alumnado de inglés como LE en centros de educación secundaria en Polonia y España . Porta Linguarum Revista Interuniversitaria De Didáctica De Las Lenguas Extranjeras, (42), 179–196. https://doi.org/10.30827/portalin.vi42.28741</subfield>
   </datafield>
   <datafield ind1="8" ind2=" " tag="024">
      <subfield code="a">https://hdl.handle.net/10630/32751</subfield>
   </datafield>
   <datafield ind1="8" ind2=" " tag="024">
      <subfield code="a">https://doi.org/10.30827/portalin.vi42.28741</subfield>
   </datafield>
   <datafield tag="653" ind2=" " ind1=" ">
      <subfield code="a">Comunicación</subfield>
   </datafield>
   <datafield tag="653" ind2=" " ind1=" ">
      <subfield code="a">Enseñanza secundaria</subfield>
   </datafield>
   <datafield tag="653" ind2=" " ind1=" ">
      <subfield code="a">Inglés - Estudio y enseñanza</subfield>
   </datafield>
   <datafield ind2="0" ind1="0" tag="245">
      <subfield code="a">Classroom willingness to communicate among EFL secondary school students in Poland and Spain</subfield>
   </datafield>
</record>
</metadata></record></GetRecord></OAI-PMH>